00326pam a2200145a 44500008004100000020000900041041001200050082000900062100001500071245003200086250000600118260003800124300000900162650000900171230515b1992 xxu||||| |||| 00| 0 eng d aNULL aENGLISH aN.D. aJadish Lal aFluid Machanics &Hydraulics a0 aNULLbMetropoliten Book Co.c1992 a1048 aNULL